US Game Show Hosts Click Quiz - Statistics

General Stats
  • This quiz has been taken 4 times
  • The average score is 7 of 15
Answer Stats
Hint Extra Hint Answer % Correct
Steve Harvey 2010–present Family Feud
100%
Alex Trebek 1984–2020 Jeopardy!
100%
Pat Sajak 1981–2024 Wheel of Fortune
75%
Regis Philbin 1999–2002 Who Wants to Be a Millionaire
75%
Jeff Foxworthy 2007–2015 Are You Smarter than a 5th Grader?
50%
Ben Bailey 2005–2020 Cash Cab
50%
Howie Mandel 2005–2019 Deal or No Deal
50%
Joe Rogan 2001–2012 Fear Factor
50%
Bob Barker 1972–2007 The Price is Right
50%
Marc Summers 1986–1993 Double Dare
25%
Sam Reich 2019–present Game Changer
25%
Monty Hall 1963–1986 Let's Make a Deal
25%
Guy Fieri 2010–2011 Minute to Win It
25%
Bob Eubanks 1966–1988 The Newlywed Game
25%
Gene Rayburn 1963–1984 Match Game
0%
No matching quizzes found
Score Distribution
Percent of People with Each Score
Percentile by Number Answered
Your Score History
You have not taken this quiz